Macroeconomic: Theory and Policy (Record no. 4546)

MARC details
000 -LEADER
fixed length control field 00356nam a2200145Ia 4500
008 - FIXED-LENGTH DATA ELEMENTS--GENERAL INFORMATION
fixed length control field 191201s2007 xx 000 0 und d
082 ## - DEWEY DECIMAL CLASSIFICATION NUMBER
Classification number 338.5
Item number BRM
100 ## - MAIN ENTRY--PERSONAL NAME
Personal name BRANSON,William H
245 #0 - TITLE STATEMENT
Title Macroeconomic: Theory and Policy
250 ## - EDITION STATEMENT
Edition statement Rep
260 ## - PUBLICATION, DISTRIBUTION, ETC. (IMPRINT)
Place of publication, distribution, etc N. Delhi
Name of publisher, distributor, etc East West Press Pvt Ltd
Date of publication, distribution, etc 2007
300 ## - PHYSICAL DESCRIPTION
Extent 656
650 ## - SUBJECT ADDED ENTRY--TOPICAL TERM
Topical term or geographic name as entry element BBA
942 ## - ADDED ENTRY ELEMENTS (KOHA)
Source of classification or shelving scheme Dewey Decimal Classification
Koha item type Text Books
Holdings
Withdrawn status Lost status Source of classification or shelving scheme Damaged status Not for loan Collection code Home library Current library Date acquired Source of acquisition Cost, normal purchase price Bill Number Total Checkouts Full call number Acc. no. / Barcode Checked out Date last seen Date last borrowed Bill Date Koha item type Public note
    Dewey Decimal Classification     BBA PIET C-LIBRARY PIET C-LIBRARY 15/07/2010 The book company 395.00 IN-1486 1 339 BRM 15575 21/07/2022 22/01/2022 22/01/2022 07/06/2010 Text Books .
    Dewey Decimal Classification     BBA PIET C-LIBRARY PIET C-LIBRARY 15/07/2010 The book company 395.00 IN-1486   338.5 BRM 15576   04/12/2019   07/06/2010 Text Books  
    Dewey Decimal Classification     BBA PIET C-LIBRARY PIET C-LIBRARY 15/07/2010 The book company 395.00 IN-1486   339 BRM 15577   04/12/2019   07/06/2010 Text Books  
    Dewey Decimal Classification     BBA PIET C-LIBRARY PIET C-LIBRARY 15/07/2010 The book company 395.00 IN-1486 1 339 BRM 15578   12/05/2022 02/05/2022 07/06/2010 Text Books  
    Dewey Decimal Classification     BBA PIET C-LIBRARY PIET C-LIBRARY 15/07/2010 The book company 395.00 IN-1486   339 BRM 15579   04/12/2019   07/06/2010 Text Books  
    Dewey Decimal Classification     BBA PIET C-LIBRARY PIET C-LIBRARY 15/07/2010 The book company 395.00 IN-1486   339 BRM 15580   04/12/2019   07/06/2010 Text Books  

Design & Developed by: PIET Central Library
R70 Miles Stone Pattikalyana Samalkha Panipat 132102
mail ID :- [email protected], Phone No:- 0180-2569700 Ex.216